Palabras de vida
-д хадгалсан:
| Үндсэн зохиолч: | |
|---|---|
| Формат: | Ном |
| Хэл сонгох: | испани |
| Хэвлэсэн: |
Santiago
Ediciones Rehue
1988
Santiago CEP 1988 |
| Хэвлэл: | 1a. ed |
| Цуврал: | Colección Signos y Testimonios, 2
|
| Нөхцлүүд: | |
| Шошгууд: |
Шошго нэмэх
Шошго байхгүй, Энэхүү баримтыг шошголох эхний хүн болох!
|
MARC
| LEADER | 00000nam a2200000 a 4500 | ||
|---|---|---|---|
| 001 | UCH8254 | ||
| 003 | CL-VaPUC | ||
| 008 | 091127e19880000cl |||||||||||||||||spa|d | ||
| 020 | |a 9562280143 | ||
| 082 | 0 | 4 | |a 252.58 |b ALV |2 21 |
| 100 | 0 | |a Alvear, Enrique |e author |9 544722 | |
| 245 | 1 | 0 | |a Palabras de vida |
| 246 | 1 | 0 | |a Homilías de Don Enrique Alvear |
| 250 | |a 1a. ed | ||
| 300 | |a 246 p | ||
| 942 | |c BK | ||
| 945 | |d 20091127 00:00:00 |a ccalabra | ||
| 260 | |a Santiago |b Ediciones Rehue |c 1988 | ||
| 260 | |a Santiago |b CEP |c 1988 | ||
| 650 | 0 | |a Catolicismo |9 258690 | |
| 650 | 0 | |a Iglesia Católica |9 256114 | |
| 650 | 7 | |a SERMONES |2 CL-VaPUC |9 317687 | |
| 650 | 0 | |a Cristianismo |9 257361 | |
| 583 | |a last modification |c 20171010 01:04:43 |k Rodrigo Vera | ||
| 490 | 0 | |a Colección Signos y Testimonios, 2 | |
| 999 | |c 338485 |d 338483 | ||